Electronic data interchange : (Record no. 133230)

MARC details
000 -LEADER
fixed length control field 00767nam a22002417a 4500
005 - DATE AND TIME OF LATEST TRANSACTION
control field 20170124110206.0
010 ## - LIBRARY OF CONGRESS CONTROL NUMBER
LC control number A-899313
020 ## - INTERNATIONAL STANDARD BOOK NUMBER
Terms of availability 00.00
International Standard Book Number 8173710406
035 ## - SYSTEM CONTROL NUMBER
System control number A-899313
037 ## - SOURCE OF ACQUISITION
Source of stock number/acquisition Cen Lib/Ret
040 ## - CATALOGING SOURCE
Original cataloging agency DPL
Language of cataloging EN
082 ## - DEWEY DECIMAL CLASSIFICATION NUMBER
Classification number 004.6
Item number HAR
100 ## - MAIN ENTRY--PERSONAL NAME
Personal name Hartley, John
9 (RLIN) 37271
245 ## - TITLE STATEMENT
Title Electronic data interchange :
Statement of responsibility, etc by John Hartley
Remainder of title gatway to world class supply chain management /
260 ## - PUBLICATION, DISTRIBUTION, ETC. (IMPRINT)
Place of publication, distribution, etc Hyderabad
Name of publisher, distributor, etc Universities Press
Date of publication, distribution, etc 1993
270 ## - ADDRESS
Address Hyderabad
City Hyderabad
300 ## - PHYSICAL DESCRIPTION
Extent xiv,158p.
Dimensions 20cm(Hb)
500 ## - GENERAL NOTE
General note Includes bibliographical reference and index
650 ## - SUBJECT ADDED ENTRY--TOPICAL TERM
Topical term or geographic name as entry element Business--Data processing
9 (RLIN) 21370
650 ## - SUBJECT ADDED ENTRY--TOPICAL TERM
Topical term or geographic name as entry element Electronic data interchange
9 (RLIN) 37272
700 ## - ADDED ENTRY--PERSONAL NAME
9 (RLIN) 37263
942 ## - ADDED ENTRY ELEMENTS (KOHA)
Source of classification or shelving scheme Dewey Decimal Classification
Koha item type English Books
Classification part 004.6
Call number suffix HAR
Holdings
Withdrawn status Lost status Damaged status Not for loan Home library Current library Date acquired Source of acquisition Cost, normal purchase price Total Checkouts Full call number Barcode Date last seen Copy number Cost, replacement price Price effective from Koha item type Public note
Written off       Central Library Central Library 25/07/2015 Cen Lib/Ret 0.00   004.6 HAR A-899313 25/07/2015 1 0.00 25/07/2015 English Books W/d list no. 6804/19

© Delhi Public Library
Hit Counter
free hit counter